000
00341nam a2200145Ia 4500
008
230718s9999 xx 000 0 und d
041
_a
Eng.
082
_a
348022
_b
LAN-I
100
_a
Langan, S.T . J.
245
0
_a
Interpretation of Status
260
_a
Pakistan
_b
Sweet and Moudle
_c
1909
300
_a
161
650
_a
Law
999
_c
28230
_d
28230